| 000 | 00470nam a2200217Ia 4500 | ||
|---|---|---|---|
| 003 | IT-RoPAU | ||
| 008 | 120407s9999 xx 000 0 und d | ||
| 040 | _aIT-RoPAU | ||
| 040 | _cIT-RoPAU | ||
| 041 | _aita | ||
| 100 | _aDionigi Tettamanzi | ||
| 245 | _aBioetica. Nuove sfide per l’uomo. | ||
| 250 | _aCasale Monferrato (AL) | ||
| 260 | _aPiemme | ||
| 260 | _c1987 | ||
| 300 | _a264 p. | ||
| 300 | _c21 cm | ||
| 490 | _v1 | ||
| 942 | _cBK | ||
| 999 |
_c30849 _d30849 |
||